00000000nam##2200000za#4500
0019.589920
003CaOODSP
00520210624195858
007cr |||||||||||
008150406|1993||||xxc|||||o    f|0| 0 fre|d
022 |a1488-5379
040 |aCaOODSP|bfre
041 |aeng
041 |afre
043 |an-cn---
0861 |aFs97-6/1989-PDF
1101 |aCanada. |bMinistère des pêches et des océans.
24510|aComptes rendus vingtième atelier annuel sur la toxicité aquatique du 17-21 octobre 1993, Québec, Québec / |h[ressource électronique]|céditeurs, R. van Coillie ... [et al.]
260 |aOttawa - Ontario : |bPêches et Océans Canada |c1994.
300 |a362p.|bfigures, références
4901 |aRapport technique canadien des sciences halieutiques et aquatiques|x1488-5379|vN° 1989
500 |aPubl. par le Ministre des Approvisionnements et Services Canada. Le n° de catalogue et l'ISSN de l'édition imprimée apparaissent dans cette version électronique.
546 |aAbstracts in English.) Texte de présentation bilingue, texte en anglais
590 |a14-05-Supp|b2014-02-26
7201 |aVan Coillie, R.
791 |tProceedings of the Twentieth Annual Aquatic Toxicity Workshop - October 17-21, 1993, Quebec City, Quebec / |eeng|w(CaOODSP)9.589919
830#0|aRapport technique canadien des sciences halieutiques et aquatiques,|x1488-5379|vN° 1989|w(CaOODSP)9.500270
85640|ahttp://publications.gc.ca|qPDF|s13.48 Mo|uhttps://publications.gc.ca/collections/collection_2014/mpo-dfo/Fs97-6-1989.pdf|yN° 1989